000 00423nam a2200145Ia 4500
008 100204s9999 xx 000 0 und d
082 _b14013
100 _aजोगळेकर योगिनी
245 _aसार्थक
260 _b"दिलीप प्रकाशन , मुंबई 4"
_c1988
300 _a212
630 _aसार्थक
730 _aसार्थक
942 _cBOOK
999 _c458444
_d458441